000 00466nam a22001577u 4500
008 130405s1935 xxu||||| |||| 00| 0 spa d
041 _aspa
100 1 _aAvila, Bruno
_937914
245 0 0 _aUn diario de viaje del siglo IV
_b:Egeria, la peregrina española
_cBruno Avila
260 _aMadrid,
_c1935
300 _aIV, 5-159 p.
_c;18 cm.
490 0 _aBiblioteca Románica Hispánica
_v6
650 0 4 _aLiturgia
_yÉpoca primitiva
_915693
942 _cBK
001 17957
999 _c271505
_d271505